NBA 20 Points Per Game in the 2020s - Statistics

General Stats
  • This quiz has been taken 2,962 times
    286 since last reset
  • The average score is 59 of 85
Answer Stats
Answer % Correct
Luka Dončić
98%
Shai Gilgeous-Alexander
98%
LeBron James
97%
Nikola Jokić
97%
Giannis Antetokounmpo
95%
Stephen Curry
95%
Joel Embiid
94%
Kevin Durant
94%
James Harden
92%
Jaylen Brown
90%
Jayson Tatum
90%
Anthony Edwards
89%
Devin Booker
88%
Tyrese Maxey
88%
Anthony Davis
87%
Jalen Brunson
87%
Paul George
87%
Victor Wembanyama
87%
Jalen Williams
86%
Karl-Anthony Towns
86%
Kawhi Leonard
86%
Klay Thompson
86%
Damian Lillard
85%
Donovan Mitchell
85%
Jamal Murray
85%
Dejounte Murray
84%
Trae Young
84%
DeMar DeRozan
83%
Russell Westbrook
83%
Cade Cunningham
82%
LaMelo Ball
82%
Tyrese Haliburton
82%
Bam Adebayo
81%
Kyrie Irving
81%
De'Aaron Fox
80%
Jalen Green
78%
Ja Morant
77%
Jimmy Butler
77%
Paolo Banchero
77%
Pascal Siakam
76%
Zach LaVine
76%
Zion Williamson
76%
Alperen Şengün
75%
Bradley Beal
75%
Julius Randle
75%
Jalen Johnson
74%
Keldon Johnson
74%
Austin Reaves
73%
Domantas Sabonis
73%
Tyler Herro
72%
Coby White
70%
Brandon Ingram
69%
Darius Garland
67%
Mikal Bridges
67%
Miles Bridges
67%
Franz Wagner
66%
Khris Middleton
66%
Lauri Markkanen
66%
Cooper Flagg
65%
Kristaps Porzingis
65%
CJ McCollum
64%
Jaren Jackson Jr.
64%
Nickeil Alexander-Walker
62%
Desmond Bane
55%
Cam Thomas
54%
Nikola Vučević
54%
Norman Powell
54%
Brandon Miller
52%
Deni Avdija
52%
Kemba Walker
52%
Andrew Wiggins
51%
Anfernee Simons
47%
Fred VanVleet
46%
Jordan Poole
46%
RJ Barrett
43%
D'Angelo Russell
38%
Kyle Kuzma
37%
Jerami Grant
35%
Trey Murphy III
30%
Collin Sexton
27%
Jordan Clarkson
22%
Terry Rozier
17%
Bojan Bogdanovic
15%
Spencer Dinwiddie
14%
Malcolm Brogdon
11%
No matching quizzes found
Score Distribution
Percent of People with Each Score
Percentile by Number Answered
Your Score History
You have not taken this quiz since the last reset